| 000 | 00749nam a2200205 a 4500 | ||
|---|---|---|---|
| 005 | 20240911064250.0 | ||
| 008 | 991125s1978 bar 000 0 spa u | ||
| 020 | _a843200524X | ||
| 035 | _aUPN01000017733 | ||
| 049 | _aCG | ||
| 050 | 4 |
_aLB1105 _bP3.2 no.53 |
|
| 245 | 0 | 0 |
_aEducación nueva y mundo moderno / _cdirigido por Gastón Mialaret ... [et al.] ; tr. María Rosa de Frías. |
| 260 |
_aBarcelona, Esp. : _bPlaneta, _c1978. |
||
| 300 | _a188 p. | ||
| 440 | 0 |
_aPaideia. _pBiblioteca práctica de pedagogía, psicología y psicopatología de la infancia ; _v53 |
|
| 650 | 4 |
_aCiencia _xEstudio y enseñanza _96354 |
|
| 650 | 4 |
_aEducación _xEstudio y enseñanza _91553 |
|
| 700 | 1 |
_aMialaret, Gaston, _d1918-2016 _ecoaut. _929321 |
|
| 905 | _aLibro | ||
| 999 |
_c17733 _d17733 |
||